Land policy (Record no. 48801)
[ view plain ]
| 000 -LEADER | |
|---|---|
| fixed length control field | 00796nam a2200205 a 4500 |
| 008 - FIXED-LENGTH DATA ELEMENTS--GENERAL INFORMATION | |
| fixed length control field | 120416s1985 ||||||||||||||||| || u |
| 020 ## - INTERNATIONAL STANDARD BOOK NUMBER | |
| International Standard Book Number | 0566006723 |
| 050 ## - LIBRARY OF CONGRESS CALL NUMBER | |
| Classification number | HD 596 Lan |
| 100 ## - MAIN ENTRY--PERSONAL NAME | |
| Personal name | Barrett, Susan, 1942- |
| 245 10 - TITLE STATEMENT | |
| Title | Land policy |
| Statement of responsibility, etc. | edited by Susan Barrett |
| 246 ## - VARYING FORM OF TITLE | |
| Title proper/short title | problems and alternatives |
| 260 ## - PUBLICATION, DISTRIBUTION, ETC. | |
| Place of publication, distribution, etc. | Aldershot, Hants |
| Name of publisher, distributor, etc. | Gower |
| Date of publication, distribution, etc. | 1985 |
| 300 ## - PHYSICAL DESCRIPTION | |
| Extent | xi, 392p. : ill. |
| 350 ## - PRICE (NR) (BK AM CF MU VM SE) [OBSOLETE] | |
| Price | 0.00 |
| 500 ## - GENERAL NOTE | |
| General note | Papers originally presented at a conference held in Oxford in March 1983. -Bibliography: p. 372-392. |
| 650 ## - SUBJECT ADDED ENTRY--TOPICAL TERM | |
| Topical term or geographic name entry element | LAND |
| 650 ## - SUBJECT ADDED ENTRY--TOPICAL TERM | |
| Topical term or geographic name entry element | Land use--Government policy--Great Britain--Congresses |
| 700 ## - ADDED ENTRY--PERSONAL NAME | |
| Personal name | Healey, Patsy |
| 995 ## - RECOMMENDATION 995 [LOCAL, UNIMARC FRANCE] | |
| -- | 0.00 |
| -- | CBU-MAIN LIBRARY (Kitwe) |
| -- | 1 |
| -- | 21.33 |
| -- | 1 |
| -- | AVAILABLE |
| -- | Main Library Open Access Collection |
| Withdrawn status | Lost status | Source of classification or shelving scheme | Damaged status | Not for loan | Home library | Current library | Shelving location | Date acquired | Total Checkouts | Full call number | Barcode | Date last seen | Price effective from | Koha item type |
|---|---|---|---|---|---|---|---|---|---|---|---|---|---|---|
| CBU-MAIN LIBRARY, KITWE. | CBU-MAIN LIBRARY, KITWE. | 11/30/2022 | HD 596 Lan | 004746 | 11/30/2022 | 11/30/2022 | MONOGRAPH |